UBT Library

THEORY AND NURSING/ A SYSTEMATIC APPROACH (Record no. 2696)

000 -LEADER
fixed length control field 00290nam a22001097a 4500
008 - FIXED-LENGTH DATA ELEMENTS--GENERAL INFORMATION
fixed length control field 170111b xxu||||| |||| 00| 0 eng d
020 ## - INTERNATIONAL STANDARD BOOK NUMBER
International Standard Book Number 9780801609701
041 ## - LANGUAGE CODE
Language code of text/sound track or separate title eng
080 ## - UNIVERSAL DECIMAL CLASSIFICATION NUMBER
Edition identifier 3RD
Universal Decimal Classification number 618.2
245 ## - TITLE STATEMENT
Title THEORY AND NURSING/ A SYSTEMATIC APPROACH
Statement of responsibility, etc CHIN, P.L & KRAMER, M.K
942 ## - ADDED ENTRY ELEMENTS (KOHA)
Source of classification or shelving scheme
Item type Books
Holdings
Withdrawn status Lost status Source of classification or shelving scheme Damaged status Not for loan Collection code Permanent location Current location Shelving location Date acquired Total Checkouts Full call number Barcode Date last seen Price effective from Koha item type
          Koleksioni i përgjithshem UBT - Lipjan UBT - Lipjan Koleksioni i përgjithshem 01/11/2017   618.2 CHI 002-029664 01/11/2017 01/11/2017 Books
UBT Library © 2015-2024. All rights reserved University Education for Business and Technology